Etica profesional de los profesores /

Contenido: 1. Despejando malentendidos sobre el saber ético y la ética docente; 2. La enseñanza en el contexto de las profesiones y de la sociedad pluralista; 3. El núcleo de la profesión docente; 4. Bienes internos y externos en la enseñanza; 5. Actitudes éticas del profesor en relación consigo mis...

ver descrição completa

Na minha lista:
Detalhes bibliográficos
Autor principal: Martínez Navarro, Emilio (autor)
Formato: Livro
Idioma:espanhol
Publicado em: Bilbao, España : Desclée de Brouwer : Federación de Centros Universitarios Jesuitas, 2011, c2010
Edição:2a edición
Colecção:(Etica de las Profesiones)
Assuntos:
Tags: Adicionar Tag
Sem tags, seja o primeiro a adicionar uma tag!

MARC

LEADER 00000nam^a2200000^a^4500
001 000326388
005 20250521000000.0
009 20260310113805.5
020 |a 978-84-330-2418-3 
037 |a Acervo ITESO - Biblioteca 
041 |a ESP 
082 |a 174. 9372  |b MAR 
100 |a Martínez Navarro, Emilio  |e (autor) 
245 1 0 |a Etica profesional de los profesores /  |c E. Martínez Navarro. 
250 |a 2a edición 
264 4 |a Bilbao, España :  |b Desclée de Brouwer :  |b Federación de Centros Universitarios Jesuitas,  |c 2011, c2010 
300 |a 292 p. 
336 |a texto  |b txt  |2 rdacontenido 
337 |a sin mediación  |b n  |2 rdamedio 
338 |a volumen  |b nc  |2 rdasoporte 
440 1 |a (Etica de las Profesiones) 
520 |a Contenido: 1. Despejando malentendidos sobre el saber ético y la ética docente; 2. La enseñanza en el contexto de las profesiones y de la sociedad pluralista; 3. El núcleo de la profesión docente; 4. Bienes internos y externos en la enseñanza; 5. Actitudes éticas del profesor en relación consigo mismo, con el contexto ético-político y con sus alumnos; 6. El profesor como especialista en un área del conocimiento; 7. El profesor como miembro de un centro educativo; 8. La relación del profesor con los compañeros, con los padres y con la comunidad local; 9. Conflictos éticos en la enseñanza y vías de solución; 10. Etica de la docencia en la universidad. 
649 |a XX 
650 |a Profesores 
650 |a Educadores 
650 |a Personal Escolar 
650 |a Relaciones Maestro-Alumno 
650 |a Calidad de la Educación 
650 |a Docencia -  |x Aspectos Eticos 
650 |a Proceso Educativo -  |x Aspectos Eticos 
650 |a Etica Profesional -  |x Tema Principal 
650 |a Educación Superior 
650 |a Educación y Sociedad 
650 |a Sociología de la Educación 
650 |a Axiología de la Educación 
650 |a Filosofía de la Educación 
910 |a Fondo General 
920 |a Impresos - Libros 
930 |a Colección General 
905 |a 101 
901 |a 0500215084  |b IT1  |c ACC  |i C134370  |u 20250521 
902 |a https://opac.biblio.iteso.mx/vufind/Record/000326388